banner-ar

Medical terminology : (Record no. 60768)

MARC details
000 -الفاتح
حقل البيانات ثابتة الطول 01334cam a2200265 a 4500
005 - وقت وتاريخ اخر تعامل مع التسجيلة
رقم الضبط 20240530110427.0
008 - عناصر البيانات ثابتة الطول - معلومات عامة
حقل البيانات ثابتة الطول 120912s2013 paua f 001 0 eng
020 ## - الرقم الدولى المعيارى للكتب
الرقم الدولى المعيارى للكتاب 9781451175974
020 ## - الرقم الدولى المعيارى للكتب
الرقم الدولى المعيارى للكتاب 9781451187564
035 ## - رقم ضبط النظام
رقم ضبط النظام (DNLM)101592013
040 ## - مصدر الفهرسة
وكالة الفهرسة الأصلية EG-CaGPL
وكالة النسخ EG-CaGPL
042 ## -
-- pcc
082 00 - رقم تصنيف ديوى العشرى
رقم الطبعة 21
رقم التصنيف 610.14\
رقم المادة C M
100 1# - المدخل الرئيسى - إسم شخصى
الإسم الشخصى Cohen, Barbara J.
245 10 - بيان العنوان
العنوان Medical terminology :
بقية العنوان an illustrated guide /
بيان المسئوليه,etc Barbara Janson Cohen, Ann DePetris.
250 ## - بيان الطبعة
بيان الطبعة 7th ed.
260 ## - PUBLICATION, DISTRIBUTION, ETC. (IMPRINT)
تاريخ النشر أو التوزيع c2013.
300 ## - الوصف المادى
التعداد xx, 683 p. :
تفاصيل ماديه اخرى للوعاء col. ill. ;
أبعاد الوعاء 28 cm. +
المادة المصاحبة 1 CD-ROM (4 3/4 in.).
500 ## - تبصرة عامة
تبصرة عامة Includes index.
650 #0 - المدخل الاضافى بالموضوع-مصطلح موضوعى
مصطلح موضوعي Terminology as Topic.
700 1# - المدخل الاضافى - اسم شخصى
الإسم الشخصى DePetris, Ann.
942 ## - عناصر المدخل الإضافي( كوها)
مصدر التصنيف او مخطط الترفيف Dewey Decimal Classification
Koha [default] item type كتاب
260 ## - PUBLICATION, DISTRIBUTION, ETC. (IMPRINT)
-- Philadelphia :
-- Wolters Kluwer/Lippincott Williams & Wilkins Health,
505 0# - تبصرة محتويات-الفهرس
تبصرة المحتويات المصاغة Concepts of medical terminology -- Suffixes -- Prefixes -- Cells, tissues, and organs -- Body structure -- Disease -- Diagnosis and treatment. Surgery -- Drugs -- Circulation : the cardiovascular and lymphatic systems -- Blood and immunity -- The respiratory system -- The digestive system -- The urinary system -- The male reproductive system -- The female reproductive system. Pregnancy and birth -- The endocrine system -- The nervous system and behavioral disorders -- The senses -- The skeleton -- The muscular system -- The skin.
Holdings
حالة التراجع حالة الفقد مصدر التصنيف او خطة الترفيف حالة تلف ليس للاعارة المكان المؤقت الموقع الحالى تاريخ الاكتساب اجمالي اﻻعارات رقم الطلب الباركود تاريخ اخر مشاهدة تاريخ تفعيل السعر نوع وعاء كوها
    ddc     مكتبة القاهرة الكبرى مكتبة القاهرة الكبرى 03/25/2015   610.14\ C M 159883 03/25/2015 03/25/2015 كتاب

Powered By

EGPV